MARC

Tag First Indicator Second Indicator Subfields
LEADER 00000cam a22000001a 4500
001 in00003214821
006 m d f
007 cr bn mmmapmmp
008 091020s1987 dcua ob f000 0 eng d
005 20260504145202.2
035 |a cis2007452511 
040 |a UMI  |c UMI  |d UtOrBLW 
043 |a n-us--- 
074 |a 1033, 1033-A (microfiche) 
086 0 |a Y 4.Ap 6/2:S.hrg.100-154/pt.1-3 
099 |a HRG-1987-SAP-0014 
099 |a HRG-1987-SAP-0015 
099 |a HRG-1987-SAP-0039 
110 1 |a United States.  |b Congress.  |b Senate.  |b Committee on Appropriations.  |b Subcommittee on Agriculture, Rural Development, and Related Agencies. 
245 1 0 |a Agriculture, rural development, and related agencies appropriations for fiscal year 1988 :  |b hearings before a subcommittee of the Committee on Appropriations, United States Senate, One Hundredth Congress, first session. 
264 1 |a Washington :  |b U.S. G.P.O.,  |c 1987. 
300 |a 1 online resource. 
336 |a text  |b txt  |2 rdacontent 
337 |a computer  |b c  |2 rdamedia 
338 |a online resource  |b cr  |2 rdacarrier 
490 1 |a S. hrg. ;  |v 100-154 
500 |a Record is based on bibliographic data in ProQuest Congressional Hearings Digital Collection. Reuse except for individual research requires license from ProQuest, LLC. 
504 |a Bibliography: pt. 3, pages 205-206. 
505 1 |a pt. 1. Department of Agriculture -- pt. 2. Commodity Futures Trading Commission -- pt. 3. Nondepartmental witnesses. 
538 |a System requirements: PDF reader software. 
500 |a Electronic resource. 
610 1 0 |a United States.  |b Department of Agriculture  |x Appropriations and expenditures. 
610 1 0 |a United States.  |b Commodity Futures Trading Commission  |x Appropriations and expenditures. 
610 1 0 |a United States.  |b Food and Drug Administration  |x Appropriations and expenditures. 
651 0 |a United States  |x Appropriations and expenditures, 1988. 
655 7 |a Electronic books.  |2 local 
710 2 |a ProQuest (Firm) 
776 0 8 |i Print version:  |a United States. Congress. Senate. Committee on Appropriations. Subcommittee on Agriculture, Rural Development, and Related Agencies.  |t Agriculture, rural development, and related agencies appropriations for fiscal year 1988  |w (OCoLC)17203938  |w gp 88010039 
776 0 8 |i Microfiche version:  |a United States. Congress. Senate. Committee on Appropriations. Subcommittee on Agriculture, Rural Development, and Related Agencies.  |t Agriculture, rural development, and related agencies appropriations for fiscal year 1988.  |d [Bethesda, Md.] : ProQuest,[2004]  |o CIS 87 S181-31 (pt.1)  |o CIS 87 S181-32 (pt.2)  |o CIS 88 S181-20 (pt.3)  |w (ProQuest)cis08701736 
810 1 |a United States.  |b Congress.  |b Senate.  |t S. hrg. ;  |v 100-154. 
830 0 |a U.S. Congressional Hearings. 
856 4 0 |u http://proxy.library.tamu.edu/login?url=https://congressional.proquest.com/congcomp/getdoc?HEARING-ID=HRG-1987-SAP-0014  |z Connect to the full text of this electronic book  |t 0 
856 4 0 |u http://proxy.library.tamu.edu/login?url=https://congressional.proquest.com/congcomp/getdoc?HEARING-ID=HRG-1987-SAP-0015  |z Connect to the full text of this electronic book  |t 0 
856 4 0 |u http://proxy.library.tamu.edu/login?url=https://congressional.proquest.com/congcomp/getdoc?HEARING-ID=HRG-1987-SAP-0039  |z Connect to the full text of this electronic book  |t 0 
998 |a cis08701736 
999 |a MARS 
999 f f |s a52d9864-6e5b-3694-920a-ef86c0886a58  |i 0a78a8c3-5f58-3f1f-9883-e0cdcdf794ab  |t 0 
952 f f |a Texas A&M University  |b College Station  |c Electronic Resources  |s www_evans  |d Available Online  |t 0  |e HRG-1987-SAP-0039  |h Other scheme 
998 f f |a HRG-1987-SAP-0039  |t 0  |l Available Online